000 00722cam a2200229 a 4500
003 OSt
005 20260206125806.0
008 010323s2000 enk b 000 0 eng c
020 _a1860648258
020 _a9781860644603
040 _aKABLIB
_cKABLIB
_beng
_erda
082 0 0 _a322.42
_223
_bGUR
100 1 _aGurr, Nadine.
_915541
245 1 4 _aThe new face of terrorism :
_bthreats from weapons of mass destruction /
_cNadine Gurr and Benjamin Cole.
260 _aNew York :
_b St Martins Press,
_c2002.
300 _aviii, 308 p. ;
_c22 cm.
504 _aIncludes Index, Bibliographies
650 0 _aTerrorism.
650 0 _aWeapons of mass destruction.
_915542
700 1 _aCole, Benjamin,
_915543
942 _2ddc
_cBOOK
999 _c6115
_d6115